<?xml version="1.0" encoding="UTF-8"?>
<record
    xmlns:xsi="http://www.w3.org/2001/XMLSchema-instance"
    xsi:schemaLocation="http://www.loc.gov/MARC21/slim http://www.loc.gov/standards/marcxml/schema/MARC21slim.xsd"
    xmlns="http://www.loc.gov/MARC21/slim">

  <leader>05400nab a22008297  4500</leader>
  <controlfield tag="003">AR-RoUNA</controlfield>
  <datafield tag="022" ind1=" " ind2=" ">
    <subfield code="a">0327-9022</subfield>
  </datafield>
  <datafield tag="040" ind1=" " ind2=" ">
    <subfield code="a">AR-RoUNA</subfield>
    <subfield code="b">spa</subfield>
  </datafield>
  <datafield tag="041" ind1=" " ind2=" ">
    <subfield code="a">spa</subfield>
  </datafield>
  <datafield tag="044" ind1=" " ind2=" ">
    <subfield code="a">ag</subfield>
  </datafield>
  <datafield tag="245" ind1=" " ind2=" ">
    <subfield code="a">Summa+</subfield>
  </datafield>
  <datafield tag="260" ind1=" " ind2=" ">
    <subfield code="a">Buenos Aires (Argentina):</subfield>
    <subfield code="c">Donn SA,</subfield>
    <subfield code="b">1993.</subfield>
  </datafield>
  <datafield tag="300" ind1=" " ind2=" ">
    <subfield code="a">192 p. :</subfield>
    <subfield code="b">il. byn.</subfield>
    <subfield code="b">planos</subfield>
    <subfield code="c">34X25 cm.</subfield>
  </datafield>
  <datafield tag="505" ind1="0" ind2=" ">
    <subfield code="t">INDICE</subfield>
  </datafield>
  <datafield tag="505" ind1="0" ind2=" ">
    <subfield code="t">ENTRE EL HOSPITAL Y LA COMUNIDAD - VICENTE LOPEZ</subfield>
  </datafield>
  <datafield tag="505" ind1="0" ind2=" ">
    <subfield code="a">Claudio Vekstein y Marta Tello,arqs. / Guardia Dr. Eduardo Morera del Hospital Municipal de Vicente L&#xF3;pez &#xA8;Prof. Dr. Bernardo A. Houssay. (Caseros 1851). p.74</subfield>
  </datafield>
  <datafield tag="505" ind1="0" ind2=" ">
    <subfield code="t">AMPLIACI&#xD3;N Y RESTAURACI&#xD3;N - BUENOS AIRES</subfield>
  </datafield>
  <datafield tag="505" ind1="0" ind2=" ">
    <subfield code="a">Bischof Egozcue Vidal Pastorino Pozzolo, Bev Arq. / Hospital de Ni&#xF1;os Dr. Pedro de Elizalde. (Montes de Oca 40). p.86</subfield>
  </datafield>
  <datafield tag="505" ind1="0" ind2=" ">
    <subfield code="t">MUROS ATERRAZADOS - SUIZA</subfield>
  </datafield>
  <datafield tag="505" ind1="0" ind2=" ">
    <subfield code="a">Richter &amp; Dahl Rocha Bureau D&#xB4;Architectes / Ampliaci&#xF3;n de la Cl&#xED;nica La Prairie CLP y CLP 4, Clarens, Vd. p.92</subfield>
  </datafield>
  <datafield tag="505" ind1="0" ind2=" ">
    <subfield code="t">RENOVACI&#xD3;N INTEGRADORA - PER&#xDA;</subfield>
  </datafield>
  <datafield tag="505" ind1="0" ind2=" ">
    <subfield code="a">Oscar Borasino Peschiera, arq. / Ampliaci&#xF3;n y remodelaci&#xF3;n de Fachada - Cl&#xED;nica San Felipe, Av. Gregorio Escobedo 650 (Jes&#xFA;s Mar&#xED;a)  p.100</subfield>
  </datafield>
  <datafield tag="505" ind1="0" ind2=" ">
    <subfield code="t">CON H DE HOSPITAL - EE.UU</subfield>
  </datafield>
  <datafield tag="505" ind1="0" ind2=" ">
    <subfield code="a">Venturi, Scott Brown and Associates Freemanwhite / Hospital Lehigh Valley - Muhlenberg, Bethlehem, (Pennsylvania). p.104</subfield>
  </datafield>
  <datafield tag="505" ind1="0" ind2=" ">
    <subfield code="t">KEATON VS. WAYNE</subfield>
  </datafield>
  <datafield tag="505" ind1="0" ind2=" ">
    <subfield code="a">Florencia Rodr&#xED;guez / M&#xE1;s que la forma. p.108</subfield>
  </datafield>
  <datafield tag="505" ind1="0" ind2=" ">
    <subfield code="a">Atelier Hitoshi ABE / Reihoku Community Hall, Amakusa-gun, Kumamoto. p.112</subfield>
  </datafield>
  <datafield tag="505" ind1="0" ind2=" ">
    <subfield code="a">Atelier Hitoshi ABE / Miyagi Stadium, Rifu, Miyagi-gun. p.116</subfield>
  </datafield>
  <datafield tag="505" ind1="0" ind2=" ">
    <subfield code="a">Atelier Hitoshi ABE / AOBA - TEI. (Sendai) p.118</subfield>
  </datafield>
  <datafield tag="505" ind1="0" ind2=" ">
    <subfield code="a">Atelier Hitoshi ABE / K-Museum, Shiogama. (Miyagi). p.122</subfield>
  </datafield>
  <datafield tag="505" ind1="0" ind2=" ">
    <subfield code="a">Atelier Hitoshi ABE / Sekii Ladies Clinic, Furukawa. (Miyagi). p.126</subfield>
  </datafield>
  <datafield tag="505" ind1="0" ind2=" ">
    <subfield code="a">Manuel Cuadra / Behnisch en Berl&#xED;n / Academia de Artes. p.132</subfield>
  </datafield>
  <datafield tag="505" ind1="0" ind2=" ">
    <subfield code="a">G&#xFC;nter Behnisch &amp; Partner, Werner Durth. Franz Harder Arq. Asoc. / Academia de las artes de Berl&#xED;n, Pariser Platz 4. p.137</subfield>
  </datafield>
  <datafield tag="505" ind1="0" ind2=" ">
    <subfield code="t">TERRAZAS ORIENTALES - URUGUAY</subfield>
  </datafield>
  <datafield tag="505" ind1="0" ind2=" ">
    <subfield code="a">Estudio L3 Arquitectura - S/T Arquitectos Asociados. Luis Taboada, Daniel Sanrom&#xE1;n, arqs. Jonatan Liberman, H&#xE9;ctor Liberman / Casa en Punta Ballena, Maldonado. p.138</subfield>
  </datafield>
  <datafield tag="505" ind1="0" ind2=" ">
    <subfield code="a">Ram&#xF3;n Guti&#xE9;rrez y Patricia M&#xE9;ndez / Presencia Alemana en la arquitectura Rioplatense. p.146</subfield>
  </datafield>
  <datafield tag="505" ind1="0" ind2=" ">
    <subfield code="a">Rojkind arquitectos, Michel Rojkind con Derek Dellekamp / Oficinas Falc&#xF3;n, Colonia Campestre Tlacopac / Alemanes. p.168</subfield>
  </datafield>
  <datafield tag="505" ind1="0" ind2=" ">
    <subfield code="t">MOLDES</subfield>
  </datafield>
  <datafield tag="505" ind1="0" ind2=" ">
    <subfield code="a">Cayetana Merc&#xE9; / Chicos Grandes. p.156</subfield>
  </datafield>
  <datafield tag="505" ind1="0" ind2=" ">
    <subfield code="a">Gabriela C&#xE1;rdenas - Ariel Jacubovich, arqs. / Intervenci&#xF3;n PH Calle Moldes. (Belgrano, Ciudad de Buenos Aires) . p.156</subfield>
  </datafield>
  <datafield tag="505" ind1="0" ind2=" ">
    <subfield code="a">Ariel Jacubovich, Arq. / Intervenci&#xF3;n PH calle Roque P&#xE9;rez. (Saavedra, Ciudad de Buenos Aires). p.158</subfield>
  </datafield>
  <datafield tag="505" ind1="0" ind2=" ">
    <subfield code="a">Estudio A77 - Gustavo Di&#xE9;guez y Lucas Gilardi, arqs. / Cabina para chicos. (Boulogne Sur Mer, Buenos Aires). p.160</subfield>
  </datafield>
  <datafield tag="505" ind1="0" ind2=" ">
    <subfield code="a">Arnaldo Acosta, Adriana Vallet, arqs. / Quincho Sim&#xF3;n. (Asunci&#xF3;n, Paraguay). p.162</subfield>
  </datafield>
  <datafield tag="505" ind1="0" ind2=" ">
    <subfield code="a">Mariel Su&#xE1;rez, arqs. / Estudio de Arquitectura. (Catamarca 1418, Rosario). p.164</subfield>
  </datafield>
  <datafield tag="505" ind1="0" ind2=" ">
    <subfield code="a">Eva Prats, Ricardo Flores / &#xC1;tico en Barcelona, Calle Bruch. p.166</subfield>
  </datafield>
  <datafield tag="505" ind1="0" ind2=" ">
    <subfield code="a">Tony D&#xED;az / Edificio, Manzana, Ciudad. p.168</subfield>
  </datafield>
  <datafield tag="505" ind1="0" ind2=" ">
    <subfield code="a">D&#xED;az del BD y Asociados / Proyecto 106 viviendas VPO (viviendas de protecci&#xF3;n oficial),  Ensanche Sur de Alcorc&#xF3;n. (Espa&#xF1;a). p.168</subfield>
  </datafield>
  <datafield tag="505" ind1="0" ind2=" ">
    <subfield code="t">ARQUITECTOS J&#xD3;VENES EN EL WARMUP 2006 - CONCURSOS </subfield>
  </datafield>
  <datafield tag="505" ind1="0" ind2=" ">
    <subfield code="a">OBRA Architects, Pablo Castro, Jennifer Lee BEATFUSE / Long Island, Queens. (Nueva York). p.171</subfield>
  </datafield>
  <datafield tag="505" ind1="0" ind2=" ">
    <subfield code="t">BUENOS AIRES NO-FORMAL</subfield>
  </datafield>
  <datafield tag="505" ind1="0" ind2=" ">
    <subfield code="a">John Beardsley, Flavio Janches y Maxi Rohm / Estrategias para asentamientos de emergencias. p.172</subfield>
  </datafield>
  <datafield tag="505" ind1="0" ind2=" ">
    <subfield code="a">Anabella Rondina / Place, el mundo en una maleta, destino libre. p.178</subfield>
  </datafield>
  <datafield tag="505" ind1="0" ind2=" ">
    <subfield code="a">Rafael E.J Iglesia / Resonancias Barrocas en el Altiplano. p.180</subfield>
  </datafield>
  <datafield tag="505" ind1="0" ind2=" ">
    <subfield code="a">Roberto Fern&#xE1;ndez / Tecno Rogers: calentando La Ant&#xE1;rtida y otros &#xE9;xitos. p.182</subfield>
  </datafield>
  <datafield tag="505" ind1="0" ind2=" ">
    <subfield code="t">EXPOSICION</subfield>
  </datafield>
  <datafield tag="505" ind1="0" ind2=" ">
    <subfield code="a">Alberto Varas / Nuevos Aires. p.183</subfield>
  </datafield>
  <datafield tag="505" ind1="0" ind2=" ">
    <subfield code="a">Estudio OSM Arq. Jli&#xE1;n Berdichevsky - Joaqu&#xED;n S&#xE1;nchez G&#xF3;mez / Edificio Urbanverde (Belgrano, Ciudad de Buenos Aires) p.184</subfield>
  </datafield>
  <datafield tag="505" ind1="0" ind2=" ">
    <subfield code="a">Estudio OSM Arq. Jli&#xE1;n Berdichevsky - Joaqu&#xED;n S&#xE1;nchez G&#xF3;mez / Casa Unifamiliar. (San Isidro, provincia de Buenos Aires). p.184</subfield>
  </datafield>
  <datafield tag="505" ind1="0" ind2=" ">
    <subfield code="a">Contempor&#xE1;neos, 4 Estudios de Arquitectura / CC Borges, 2006. p.184</subfield>
  </datafield>
  <datafield tag="505" ind1="0" ind2=" ">
    <subfield code="a">Estudio P&#xE9;rez Pardo - Buffa - Su&#xE1;rez - Burei arquitectos / Casa en Jos&#xE9; Ignacio, Maldonado, Uruguay. p.185</subfield>
  </datafield>
  <datafield tag="505" ind1="0" ind2=" ">
    <subfield code="a">Estudio Esteban, Gaffuri, Torrado, arquitectos / Concurso Nacional de ideas Estaci&#xF3;n de transferencia de pasajeros (Ciudad de Concepci&#xF3;n, Tucum&#xE1;n, 2005). p.186</subfield>
  </datafield>
  <datafield tag="505" ind1="0" ind2=" ">
    <subfield code="a">Estudio Di&#xE9;guez - Fridman arquitectos / Museo de la prehistoria Gyeonggi-Do Jeongok / Merit Award, 2006. p.187</subfield>
  </datafield>
  <datafield tag="505" ind1="0" ind2=" ">
    <subfield code="t">REVELACIONES</subfield>
  </datafield>
  <datafield tag="505" ind1="0" ind2=" ">
    <subfield code="a">Rita Molinos y Mario Sabugo  (M&#xE9;xico D.F) . p.190</subfield>
  </datafield>
  <datafield tag="505" ind1="0" ind2=" ">
    <subfield code="a">Hugo Segawa / El reconocimiento de los m&#xE1;rgenes. p.192</subfield>
  </datafield>
  <datafield tag="650" ind1=" " ind2=" ">
    <subfield code="a">Arquitectura contempor&#xE1;nea</subfield>
  </datafield>
  <datafield tag="773" ind1="0" ind2=" ">
    <subfield code="a">Summa+</subfield>
    <subfield code="d">Buenos Aires, Argentina</subfield>
    <subfield code="g">N&#xBA;82 (septiembre-2006), p.192</subfield>
    <subfield code="x">0327-9022</subfield>
  </datafield>
  <datafield tag="908" ind1=" " ind2=" ">
    <subfield code="a">Imp</subfield>
  </datafield>
  <datafield tag="942" ind1=" " ind2=" ">
    <subfield code="2">udc</subfield>
    <subfield code="c">ART</subfield>
  </datafield>
  <datafield tag="945" ind1=" " ind2=" ">
    <subfield code="d">2022-07-08</subfield>
  </datafield>
  <datafield tag="980" ind1=" " ind2=" ">
    <subfield code="6">138</subfield>
    <subfield code="a">Carolina Rainero</subfield>
    <subfield code="8">1</subfield>
    <subfield code="g">Maricel Allasia</subfield>
  </datafield>
  <datafield tag="999" ind1=" " ind2=" ">
    <subfield code="c">12049</subfield>
    <subfield code="d">12049</subfield>
  </datafield>
  <datafield tag="952" ind1=" " ind2=" ">
    <subfield code="0">0</subfield>
    <subfield code="1">0</subfield>
    <subfield code="2">udc</subfield>
    <subfield code="4">0</subfield>
    <subfield code="7">0</subfield>
    <subfield code="a">AR-RoUNA</subfield>
    <subfield code="b">AR-RoUNA</subfield>
    <subfield code="c">Heme</subfield>
    <subfield code="d">2025-07-23</subfield>
    <subfield code="e">Don</subfield>
    <subfield code="l">0</subfield>
    <subfield code="p">1002700</subfield>
    <subfield code="r">2025-07-23</subfield>
    <subfield code="t">ej. 1</subfield>
    <subfield code="w">2025-07-23</subfield>
    <subfield code="y">ART</subfield>
    <subfield code="k">K6</subfield>
    <subfield code="x"></subfield>
  </datafield>
</record>
